00869nam a2200205 i 450000100060000000300090000600500170001500700030003200800410003502000180007608000220009424502860011626000630040230000300046565000360049570000320053170000310056370000360059485200330063067465ES-MaACL20230906170057.0t|040528s1998 sp ||||1| spa d a84-89115-09-5 a616.8-085.03(091)00aHistoria de la neuropsicofarmacología b: una nueva aportación a la terapéutica farmacológica de los trastornos del Sistema Nervioso Central /cFrancisco López Muñoz, Cecilio Alamo González (editores) ; Luis Fernando Alguacil Merino ... [et al.] , editores asociados. aAlcalá de Henares : bUniversidad : bEurobook, c[1998] a544 p. : bil. ; c25 cm.14aNeurofarmacología-xHistoria.1 aLópez Muñoz, Francisco.1 aAlamo González, Cecilio.1 aAlguacil Merino, Luis Fernando. aES-MaACLjL-27686 bR.133458